Statistiques concernant personnage disney

Cliquez ici pour prendre le quiz!

Statistiques générales

  • Ce quiz a été pris 606 fois
  • Le résultat moyen est 11 sur 15

Statistiques - réponses

HintRéponse% Correct
il a un long nezpinnocchio
96%
elle a dormi 100 ansaurore
94%
bernard etbianca
90%
il est le meilleure amis de lilostitch
90%
elle a perdu sa chaussurecendrillon
88%
il retirer une éppée d'une pierrearthur
85%
elle est en couple avec donald duckdaisy
85%
il donne de l'argent au pauvrerobin des bois
74%
c'est une sourismickey
69%
s'est la méchante dans la belle au bois dormantmaléfique
66%
je suis la soeur d'annaelsa
65%
tic ettac
61%
j'ai suivi un lapin blancalice
59%
c'est une sirèneariel
55%
l'animal de compagnie dans phinéas et ferbperry
15%

Distribution des résultats

Percentile par nombre de réponses

% des personnes avec chaque résultat

Votre développement - résultats

Vous n’avez pas pris ce quiz